|
|
|
|
| LEADER |
00000ny a22000003n 4500 |
| 005 |
20110622103442.0 |
| 008 |
001110s2004 sp 000 0 spa d |
| 017 |
|
|
|a D.L.B17316-00
|
| 020 |
|
|
|a 9788495027627
|
| 035 |
|
|
|a 331
|
| 040 |
|
|
|a PL£
|d vLex
|
| 080 |
|
|
|a 35.077.3(460)
|
| 090 |
|
|
|c 984
|d 984
|
| 100 |
1 |
|
|a Pemǹ Gavn̕, Ignacio
|
| 245 |
1 |
3 |
|a El sistema sancionador espaǫl
|h [Recurso electrn̤ico]
|b (hacia una teora̕ general de las infracciones y sanciones administrativas) /
|c Ignacio Pemǹ Gavn̕
|
| 256 |
|
|
|a Servicio en ln̕ea
|
| 260 |
|
|
|a Barcelona :
|b Cedecs,
|c 2004
|
| 300 |
|
|
|a 431 p. ;
|c 23 cm
|
| 490 |
1 |
|
|a Derecho administrativo
|
| 506 |
1 |
|
|a Contenido solo disponible en los productos indicados
|d vLex Global
|d vLex Global (Academic Edition, excluding Law Schools)
|d vLex Global (U.S. Academic Edition, Law Schools)
|d vLex Global (U.S. Academic Edition, excluding Law Schools)
|d vLex Global (Academic Edition, Law Schools)
|
| 650 |
0 |
7 |
|a Administrativo
|2 Tesauro vLex
|
| 650 |
0 |
7 |
|a Infracciones administrativas
|2 Tesauro vLex
|
| 650 |
0 |
7 |
|a Potestad sancionadora
|2 Tesauro vLex
|
| 650 |
0 |
7 |
|a Procedimiento sancionador
|2 Tesauro vLex
|
| 740 |
0 |
|
|a vLex Libros (Servicios en ln̕ea)
|
| 830 |
|
0 |
|a Derecho administrativo (Cedecs)
|
| 856 |
4 |
0 |
|u http://vlex.com/source/331
|z Acceso restringido
|
| 942 |
|
|
|c BOOK
|